00832nam a22002657a 4500003000500000005001700005008004100022010001100063011001100074020001800085035001100103040000900114082001500123100002200138245013400160260003000294300004300324490002900367650001600396650003300412650004900445700002200494700002100516830002900537CHAP20220329143759.0110811s2005 gw a r 00010 eng d a101803 a102775 a9783540209508 a113464 cCHAP04a005.1bP931 aPrice, Kenneth V.10aDifferential evolution :ba practical approach to global optimizationc/por Kenneth V. Price, Rainer M. Storn, Jouni A. Lampinen. aBerlin :bSpringer,c2005 axix, 538 p. :bilus., gráfs., tablas aNatural computing series14aAlgoritmos.14aOptimización matemática.14aProgramación (Computadoras)xIngeniería.1 aLampinen, Jouni A1 aStorn, Rainer M. aNatural computing series